<?xml version="1.0" encoding="UTF-8"?>
<record
    xmlns:xsi="http://www.w3.org/2001/XMLSchema-instance"
    xsi:schemaLocation="http://www.loc.gov/MARC21/slim http://www.loc.gov/standards/marcxml/schema/MARC21slim.xsd"
    xmlns="http://www.loc.gov/MARC21/slim">

  <leader>00697nam a22001577a 4500</leader>
  <controlfield tag="003">OSt</controlfield>
  <controlfield tag="005">20150921172406.0</controlfield>
  <controlfield tag="008">150921b        xxu||||| |||| 00| 0 eng d</controlfield>
  <datafield tag="040" ind1=" " ind2=" ">
    <subfield code="c">RUA</subfield>
  </datafield>
  <datafield tag="082" ind1=" " ind2=" ">
    <subfield code="a">AGR KON 2006 B034 Or.1</subfield>
  </datafield>
  <datafield tag="100" ind1=" " ind2=" ">
    <subfield code="9">1060</subfield>
    <subfield code="a">KONG, PHALLIN.</subfield>
  </datafield>
  <datafield tag="245" ind1=" " ind2=" ">
    <subfield code="a">Comparative of yard long bean varieties under crop station condition at royal university of agriculture &#x1794;&#x17D2;&#x179A;&#x17C0;&#x1794;&#x1792;&#x17C0;&#x1794;&#x1796;&#x17BC;&#x1787;&#x179F;&#x178E;&#x17D2;&#x178F;&#x17C2;&#x1780;&#x1791;&#x17D2;&#x179A;&#x17BE;&#x1784;&#x1780;&#x17D2;&#x1793;&#x17BB;&#x1784;&#x179B;&#x1780;&#x17D2;&#x1781;&#x1781;&#x178E;&#x17D2;&#x178C;&#x179F;&#x17D2;&#x1790;&#x17B6;&#x1793;&#x17B8;&#x1799;&#x17CF;&#x178A;&#x17C6;&#x178E;&#x17B6;&#x17C6; &#x1793;&#x17C5;&#x179F;&#x17B6;&#x1780;&#x179B;&#x179C;&#x17B7;&#x1791;&#x17D2;&#x1799;&#x17B6;&#x179B;&#x17D0;&#x1799;&#x1797;&#x17BC;&#x1798;&#x17B7;&#x1793;&#x17D2;&#x1791;&#x1780;&#x179F;&#x17B7;&#x1780;&#x1798;&#x17D2;&#x1798;</subfield>
  </datafield>
  <datafield tag="260" ind1=" " ind2=" ">
    <subfield code="a">Phnom Penh</subfield>
    <subfield code="b">RUA</subfield>
    <subfield code="c">2006</subfield>
  </datafield>
  <datafield tag="300" ind1=" " ind2=" ">
    <subfield code="a">52p.</subfield>
    <subfield code="b">ill.</subfield>
    <subfield code="c">29cm.</subfield>
  </datafield>
  <datafield tag="942" ind1=" " ind2=" ">
    <subfield code="2">ddc</subfield>
    <subfield code="c">AGR</subfield>
  </datafield>
  <datafield tag="999" ind1=" " ind2=" ">
    <subfield code="c">1016</subfield>
    <subfield code="d">1016</subfield>
  </datafield>
  <datafield tag="952" ind1=" " ind2=" ">
    <subfield code="0">0</subfield>
    <subfield code="1">0</subfield>
    <subfield code="2">ddc</subfield>
    <subfield code="4">0</subfield>
    <subfield code="6">AGR_KON_2006_000000000000000_B034_OR_1</subfield>
    <subfield code="7">0</subfield>
    <subfield code="9">4172</subfield>
    <subfield code="a">LBB</subfield>
    <subfield code="b">LBB</subfield>
    <subfield code="d">2015-09-21</subfield>
    <subfield code="l">10</subfield>
    <subfield code="o">AGR KON 2006 B034 Or.1</subfield>
    <subfield code="p">RUA002679</subfield>
    <subfield code="r">2025-03-12</subfield>
    <subfield code="s">2025-02-05</subfield>
    <subfield code="w">2015-09-21</subfield>
    <subfield code="y">AGR</subfield>
  </datafield>
  <datafield tag="952" ind1=" " ind2=" ">
    <subfield code="0">0</subfield>
    <subfield code="1">0</subfield>
    <subfield code="2">ddc</subfield>
    <subfield code="4">0</subfield>
    <subfield code="6">AGR_KON_2006_000000000000000_B034_OR_2</subfield>
    <subfield code="7">0</subfield>
    <subfield code="9">36342</subfield>
    <subfield code="a">LBB</subfield>
    <subfield code="b">LBB</subfield>
    <subfield code="d">2016-01-26</subfield>
    <subfield code="l">1</subfield>
    <subfield code="o">AGR KON 2006 B034 Or.2</subfield>
    <subfield code="p">RUA042598</subfield>
    <subfield code="r">2016-06-06</subfield>
    <subfield code="s">2016-05-18</subfield>
    <subfield code="w">2016-01-26</subfield>
    <subfield code="y">AGR</subfield>
  </datafield>
  <datafield tag="952" ind1=" " ind2=" ">
    <subfield code="0">0</subfield>
    <subfield code="1">0</subfield>
    <subfield code="2">ddc</subfield>
    <subfield code="4">0</subfield>
    <subfield code="6">AGR_KON_2006_000000000000000_B034_OR_3</subfield>
    <subfield code="7">0</subfield>
    <subfield code="9">36343</subfield>
    <subfield code="a">LBB</subfield>
    <subfield code="b">LBB</subfield>
    <subfield code="d">2016-01-26</subfield>
    <subfield code="l">2</subfield>
    <subfield code="o">AGR KON 2006 B034 Or.3</subfield>
    <subfield code="p">RUA046140</subfield>
    <subfield code="r">2018-08-08</subfield>
    <subfield code="s">2018-06-08</subfield>
    <subfield code="w">2016-01-26</subfield>
    <subfield code="y">AGR</subfield>
  </datafield>
</record>
